[Event "SV Kamen 1 - SVG Plettenberg 1"]
[Site "NRW-Klasse. Gruppe 2 2017/201"]
[Date "2018.04.08"]
[Round "8.1"]
[White "Haub, Thorsten Michael"]
[Black "Weidemann, Christian"]
[Result "1-0"]
[WhiteElo "2391"]
[BlackElo "2278"]
[PlyCount "89"]
[EventDate "2018.??.??"]
[WhiteTeam "SVG Plettenberg 1"]
[BlackTeam "SV Kamen 1"]

1. e4 c5 2. Nf3 Nf6 3. d3 d5 4. Nbd2 Nc6 5. g3 g6 6. Bg2 Bg7 7. O-O O-O 8. Re1
b6 9. c3 Qc7 10. Qe2 a5 11. a4 dxe4 12. dxe4 Ba6 13. Nc4 Nd7 14. Nfd2 Nde5 15.
f4 Nxc4 16. Nxc4 Rad8 17. Bf1 Rd7 18. Qc2 Rfd8 19. Qb3 Rb8 20. Be3 b5 21. axb5
Rxb5 22. Qa2 Qb8 23. Red1 Rxd1 24. Rxd1 e6 25. Rd2 Bf8 26. e5 Rb3 27. Nxa5 Nxa5
28. Bxa6 Qb6 29. Be2 Qc7 30. Qa4 Rb7 31. Bf3 Ra7 32. Qb5 h5 33. Kg2 Kg7 34. b4
Nb3 35. Rb2 cxb4 36. Rxb3 Ra2+ 37. Kh3 bxc3 38. Qd3 g5 39. fxg5 c2 40. Rc3 Qa5
41. Rxc2 Ra3 42. Qe4 Qe1 43. Bc5 Qf1+ 44. Bg2 Qd1 45. Bxa3 1-0

[Event "SV Kamen 1 - SVG Plettenberg 1"]
[Site "NRW-Klasse. Gruppe 2 2017/201"]
[Date "2018.04.08"]
[Round "8.2"]
[White "Himmel, Hansjoerg"]
[Black "Bosch, Jeroen"]
[Result "1/2-1/2"]
[WhiteElo "2205"]
[BlackElo "2409"]
[PlyCount "46"]
[EventDate "2018.??.??"]
[WhiteTeam "SV Kamen 1"]
[BlackTeam "SVG Plettenberg 1"]

1. e4 d6 2. d4 Nf6 3. Nc3 g6 4. Be3 c6 5. h3 Nbd7 6. Nf3 Bg7 7. e5 Nd5 8. Nxd5
cxd5 9. exd6 e6 10. Bd3 O-O 11. Qd2 Nf6 12. c3 Qxd6 13. Bf4 Qb6 14. O-O Bd7 15.
Rfe1 Bb5 16. Bc2 Bc6 17. Bd3 Rfc8 18. Ne5 Bb5 19. Bc2 Be8 20. Bd3 Bb5 21. Bc2
Be8 22. Bd3 Bb5 23. Bc2 Be8 1/2-1/2

[Event "SV Kamen 1 - SVG Plettenberg 1"]
[Site "NRW-Klasse. Gruppe 2 2017/201"]
[Date "2018.04.08"]
[Round "8.4"]
[White "Kilian, Ralf"]
[Black "Schulze, Marc"]
[Result "1/2-1/2"]
[WhiteElo "2126"]
[BlackElo "2181"]
[Annotator "Daniel"]
[PlyCount "60"]
[EventDate "2018.??.??"]
[WhiteTeam "SV Kamen 1"]
[BlackTeam "SVG Plettenberg 1"]

1. e4 c5 2. Nf3 g6 3. d4 cxd4 4. Nxd4 Bg7 5. Nc3 Nc6 6. Be3 Nf6 7. Be2 O-O 8.
O-O d6 9. Kh1 Bd7 10. f4 Nxd4 11. Bxd4 Bc6 12. Bf3 Qa5 13. Nd5 Nxd5 14. Bxg7
Ne3 15. Qe1 Qxe1 16. Raxe1 $11 Nxf1 17. Bxf8 Kxf8 18. Rxf1 e5 19. fxe5 dxe5 20.
Rd1 Rc8 21. Kg1 Ke7 22. Kf2 Ba4 23. Rd5 Rxc2+ 24. Ke3 Kf6 25. Bd1 Rxb2 26. Bxa4
Rxa2 27. Be8 Rxg2 28. Rd7 Rxh2 29. Rxb7 Kg5 30. Rxf7 Rh3+ 1/2-1/2

[Event "SV Kamen 1 - SVG Plettenberg 1"]
[Site "NRW-Klasse. Gruppe 2 2017/201"]
[Date "2018.04.08"]
[Round "8.5"]
[White "Pieper, Dawid"]
[Black "Georg, Felix"]
[Result "1/2-1/2"]
[WhiteElo "2147"]
[BlackElo "2009"]
[PlyCount "100"]
[EventDate "2018.??.??"]
[WhiteTeam "SVG Plettenberg 1"]
[BlackTeam "SV Kamen 1"]

1. e4 c5 2. Nf3 e6 3. d3 Nc6 4. g3 Nf6 5. Bg2 d5 6. Qe2 Be7 7. O-O h6 8. e5 Nd7
9. c4 d4 10. h4 g5 11. h5 g4 12. Nh2 Ndxe5 13. Bf4 Bf6 14. Nd2 Nf3+ 15. Nhxf3
gxf3 16. Nxf3 Qe7 17. Ne5 Nxe5 18. Bxe5 Rg8 19. Rfe1 Bxe5 20. Qxe5 Rg5 21. Qh8+
Qf8 22. Qf6 Rxh5 23. f4 Qe7 24. Qh8+ Qf8 25. Qh7 Kd8 26. Kf2 Rf5 27. Rh1 Rf6
28. Rh5 Bd7 29. Rah1 Kc7 30. Rxh6 Rxh6 31. Rxh6 Re8 32. Rf6 Re7 33. Qe4 Bc6 34.
Qe5+ Kb6 35. Bxc6 bxc6 36. b4 Rd7 37. f5 Qd6 38. bxc5+ Qxc5 39. Qxc5+ Kxc5 40.
fxe6 fxe6 41. Rxe6 Rf7+ 42. Ke2 Kb4 43. g4 c5 44. g5 Rf5 45. g6 Kc3 46. g7 Rg5
47. Re7 a6 48. Rb7 Kc2 49. Re7 Kc3 50. Rb7 Kc2 1/2-1/2

[Event "SV Kamen 1 - SVG Plettenberg 1"]
[Site "NRW-Klasse. Gruppe 2 2017/201"]
[Date "2018.04.08"]
[Round "8.6"]
[White "Kleinegger, Frank"]
[Black "Jansen, Dirk Norbert"]
[Result "0-1"]
[WhiteElo "2100"]
[BlackElo "2133"]
[PlyCount "74"]
[EventDate "2018.??.??"]
[WhiteTeam "SV Kamen 1"]
[BlackTeam "SVG Plettenberg 1"]

1. e4 e6 2. d4 d5 3. e5 c5 4. c3 Nc6 5. Nf3 Qb6 6. a3 Nh6 7. b4 cxd4 8. Bxh6
gxh6 9. cxd4 Bd7 10. b5 Na5 11. Nbd2 Rc8 12. Rc1 Rxc1 13. Qxc1 Be7 14. a4 O-O
15. Bd3 f6 16. O-O f5 17. Qb2 Rc8 18. Rc1 Qd8 19. Nf1 Be8 20. Rxc8 Qxc8 21. Qd2
Nc4 22. Qxh6 Nb2 23. Be2 Nxa4 24. Ng3 Bg6 25. h4 Nc3 26. Bd3 Ne4 27. Bxe4 dxe4
28. Nh2 Qc4 29. h5 Bf7 30. Qe3 Qxb5 31. f3 Qd3 32. Qc1 Qxd4+ 33. Kh1 Qf2 34.
Qc8+ Kg7 35. Qxb7 Bc5 36. h6+ Kxh6 37. Qxf7 Qg1# 0-1

[Event "SV Kamen 1 - SVG Plettenberg 1"]
[Site "NRW-Klasse. Gruppe 2 2017/201"]
[Date "2018.04.08"]
[Round "8.8"]
[White "Georg, Heinz"]
[Black "Maniocha, Marek"]
[Result "1-0"]
[WhiteElo "2084"]
[BlackElo "1830"]
[PlyCount "105"]
[EventDate "2018.??.??"]
[WhiteTeam "SV Kamen 1"]
[BlackTeam "SVG Plettenberg 1"]

1. e4 c5 2. Nf3 e6 3. b3 Nc6 4. Bb2 d6 5. d4 cxd4 6. Nxd4 e5 7. Nxc6 bxc6 8. g3
Nf6 9. Bg2 Ba6 10. c4 Be7 11. Nc3 Rb8 12. Qd2 O-O 13. O-O Qc7 14. Kh1 Rbd8 15.
f4 d5 16. exd5 cxd5 17. Nxd5 Nxd5 18. Bxd5 exf4 19. Qxf4 Qxf4 20. Rxf4 Rd7 21.
Re1 Bb7 22. Bxb7 Rxb7 23. Rfe4 Bb4 24. Rd1 Rc8 25. Rd5 Bf8 26. Kg2 f6 27. Kf3
Kf7 28. Ke2 Rc6 29. Bc3 Ra6 30. Ra5 Rxa5 31. Bxa5 Bc5 32. Kd3 g6 33. Kc3 Bd6
34. b4 Be5+ 35. Kb3 Rd7 36. Re2 Rd3+ 37. Ka4 Ke6 38. Kb5 Rd7 39. c5 Rf7 40. Kc4
a6 41. a4 Rd7 42. c6 Rd1 43. Kc5 Rc1+ 44. Kb6 Kd5 45. Kb7 Rc4 46. Rd2+ Ke6 47.
Re2 h5 48. b5 axb5 49. axb5 h4 50. gxh4 Rxh4 51. c7 Rh7 52. b6 g5 53. Ka6 1-0

[Event "SVG Plettenberg 1 - LSV Turm Lippstadt "]
[Site "NRW-Klasse. Gruppe 2 2017/201"]
[Date "2018.04.29"]
[Round "9.2"]
[White "Bosch, Jeroen"]
[Black "Wagner, Alexej"]
[Result "1/2-1/2"]
[WhiteElo "2427"]
[BlackElo "2256"]
[PlyCount "152"]
[EventDate "2018.??.??"]
[WhiteTeam "SVG Plettenberg 1"]
[BlackTeam "LSV Turm Lippstadt 1"]

1. c4 Nf6 2. Nf3 e6 3. g3 d5 4. b3 d4 5. Bg2 c5 6. e3 Nc6 7. exd4 cxd4 8. O-O
Bd6 9. d3 O-O 10. Re1 e5 11. Ba3 Bf5 12. b4 a6 13. Qb3 Re8 14. Nbd2 h6 15. Rad1
Rc8 16. h3 Nd7 17. Ne4 Bf8 18. Nfd2 Be6 19. Qb1 a5 20. Nc5 axb4 21. Nxe6 Rxe6
22. Bb2 Ra8 23. Bd5 Re8 24. Nf3 Qa5 25. Qc2 Nf6 26. Be4 Nxe4 27. Rxe4 Re6 28.
g4 Qc7 29. Ra1 Ra5 30. Nd2 Ne7 31. Nb3 Raa6 32. Qe2 Ng6 33. Bc1 Be7 34. Bd2 Qc8
35. Qe1 Ra4 36. Kf1 Qc6 37. Kg1 Qa6 38. Nc1 Nh4 39. Qe2 Bg5 40. Bxg5 hxg5 41.
Nb3 Qc6 42. Nd2 Ra3 43. Nb3 g6 44. Kh2 f5 45. gxf5 gxf5 46. Rxh4 gxh4 47. Rg1+
Rg6 48. Qxe5 Rxg1 49. Kxg1 Qg6+ 50. Kf1 Rxa2 51. Qb8+ Kh7 52. Qxb7+ Qg7 53. Qf3
Qf6 54. Qf4 Kg6 55. Nxd4 Ra1+ 56. Ke2 Ra5 57. Nf3 b3 58. Qb8 Ra2+ 59. Kf1 Ra1+
60. Kg2 b2 61. Ne5+ Kh7 62. Qxb2 Qg7+ 63. Kf3 Rh1 64. Kf4 Rxh3 65. Qe2 Kh6 66.
Kxf5 Qg5+ 67. Ke6 Kg7 68. Qe4 Qf6+ 69. Kd7 Rh2 70. Ng4 Qf7+ 71. Kd6 Rh3 72. c5
Rf3 73. Qe5+ Kh7 74. Qe4+ Kg7 75. Qe5+ Kh7 76. Qe4+ Kg7 1/2-1/2

[Event "SVG Plettenberg 1 - LSV Turm Lippstadt "]
[Site "NRW-Klasse. Gruppe 2 2017/201"]
[Date "2018.04.29"]
[Round "9.3"]
[White "Hecht, Carsten"]
[Black "Schulze, Marc"]
[Result "1-0"]
[WhiteElo "2265"]
[BlackElo "2137"]
[Annotator "Daniel"]
[PlyCount "89"]
[EventDate "2018.??.??"]
[WhiteTeam "LSV Turm Lippstadt 1"]
[BlackTeam "SVG Plettenberg 1"]

1. e4 c5 2. Nf3 g6 3. d4 cxd4 4. Nxd4 Bg7 5. c4 Nc6 6. Be3 Nf6 7. Nc3 O-O 8.
Be2 d6 9. O-O Bd7 10. f3 Nxd4 11. Bxd4 a5 12. Qd2 Bc6 13. b3 Nd7 14. Bf2 Nc5
15. Rab1 e6 16. Rfd1 Be5 17. Bf1 Qe7 18. a3 Rfc8 19. Ne2 a4 20. b4 Nb3 21. Qe3
b5 $11 22. f4 Bg7 23. Nc1 bxc4 24. Bxc4 Qb7 25. Bd3 Bd4 26. Qe1 Bxf2+ 27. Kxf2
Bb5 28. Nxb3 Bxd3 29. Rxd3 axb3 30. Rbxb3 Rc2+ 31. Kg3 e5 32. Qe3 exf4+ 33.
Qxf4 Re8 34. Rbc3 Re2 35. Re3 Rd2 36. h3 Rd4 37. Kh2 Rdxe4 38. Rxe4 Rxe4 39.
Qxd6 h5 40. Rc7 Qb5 41. Rc8+ Re8 42. Qc5 Qd7 43. Rxe8+ Qxe8 44. b5 Qb8+ 45. Kg1
1-0

[Event "SVG Plettenberg 1 - LSV Turm Lippstadt "]
[Site "NRW-Klasse. Gruppe 2 2017/201"]
[Date "2018.04.29"]
[Round "9.4"]
[White "Pieper, Dawid"]
[Black "Kruse, Janik"]
[Result "1/2-1/2"]
[WhiteElo "2152"]
[BlackElo "2093"]
[PlyCount "65"]
[EventDate "2018.??.??"]
[WhiteTeam "SVG Plettenberg 1"]
[BlackTeam "LSV Turm Lippstadt 1"]

1. e4 e5 2. Nf3 Nc6 3. d4 exd4 4. Nxd4 Nf6 5. Nc3 Bb4 6. Nxc6 bxc6 7. Qd4 Qe7
8. f3 c5 9. Qf2 O-O 10. Bd2 d5 11. a3 Bxc3 12. Bxc3 dxe4 13. O-O-O Bb7 14. Bc4
Rad8 15. Rde1 Qd6 16. Qh4 Nd5 17. Bxd5 Bxd5 18. fxe4 Bc6 19. Re3 f6 20. Rhe1
Qe6 21. b3 Rd7 22. Rh3 h6 23. Rg3 Kh7 24. Qh5 Bxe4 25. Qxc5 Rfd8 26. Rge3 f5
27. g4 Qb6 28. Qe5 Qd6 29. Qxd6 cxd6 30. gxf5 Bxf5 31. Re7 Rxe7 32. Rxe7 Rd7
33. Rxd7 1/2-1/2

[Event "SVG Plettenberg 1 - LSV Turm Lippstadt "]
[Site "NRW-Klasse. Gruppe 2 2017/201"]
[Date "2018.04.29"]
[Round "9.5"]
[White "Grobbel, Rainer"]
[Black "Jansen, Dirk Norbert"]
[Result "1-0"]
[WhiteElo "2127"]
[BlackElo "2110"]
[Annotator "Daniel"]
[PlyCount "67"]
[EventDate "2018.??.??"]
[WhiteTeam "LSV Turm Lippstadt 1"]
[BlackTeam "SVG Plettenberg 1"]

1. d4 f5 2. c4 Nf6 3. Nc3 d6 4. Nf3 g6 5. g3 Bg7 6. Bg2 O-O 7. O-O Qe8 8. Bf4
Na6 9. Qd2 c6 10. Rac1 Bd7 11. Rfe1 Nh5 12. Bh6 Qf7 13. Bxg7 Kxg7 14. e4 h6 15.
exf5 Bxf5 16. Nh4 Rae8 17. d5 c5 18. f4 Nc7 19. b3 a6 $11 20. Ne4 b6 21. Rc3
Nf6 22. Rce3 Nxe4 23. Bxe4 Bxe4 24. Rxe4 Qf6 25. Qe2 Rf7 26. Qg4 h5 27. Qe2 e6
28. Nf3 Rfe7 29. Ng5 e5 30. Nf3 Rf8 31. Kg2 Ref7 32. Qe3 b5 33. Ng5 exf4 34.
Rxf4 1-0

[Event "SVG Plettenberg 1 - LSV Turm Lippstadt "]
[Site "NRW-Klasse. Gruppe 2 2017/201"]
[Date "2018.04.29"]
[Round "9.6"]
[White "Noelke, Manfred"]
[Black "Kuckling, Hannah"]
[Result "0-1"]
[WhiteElo "1896"]
[BlackElo "2081"]
[Annotator "Daniel"]
[PlyCount "66"]
[EventDate "2018.??.??"]
[WhiteTeam "SVG Plettenberg 1"]
[BlackTeam "LSV Turm Lippstadt 1"]

1. d4 d5 2. Nf3 e6 3. Bf4 Nf6 4. e3 c5 5. c3 Nc6 6. Bd3 cxd4 7. exd4 Bd6 8.
Bxd6 Qxd6 9. a4 O-O 10. O-O b6 11. Nbd2 Bb7 12. Qe2 Nd7 13. Rae1 Rae8 14. Ne5
f6 15. Nxd7 Qxd7 16. f4 Re7 17. Rf3 $11 Rfe8 18. Re3 Qd6 19. Rh3 g6 20. Qg4 Rg7
21. Nf3 Bc8 22. Qg3 Qd8 23. Rh6 Ne7 24. Nh4 Bd7 25. Rf1 Bxa4 26. Qh3 Nf5 27.
Bxf5 exf5 28. g4 fxg4 29. Qxg4 Qd7 30. Qxd7 Bxd7 31. Nf3 Re2 32. Rf2 Rge7 33.
Kf1 Bb5 0-1

[Event "SVG Plettenberg 1 - LSV Turm Lippstadt "]
[Site "NRW-Klasse. Gruppe 2 2017/201"]
[Date "2018.04.29"]
[Round "9.7"]
[White "Finke, Tobias"]
[Black "Klippert, Jan Oliver"]
[Result "1-0"]
[WhiteElo "1951"]
[BlackElo "1779"]
[Annotator "Daniel"]
[PlyCount "151"]
[EventDate "2018.??.??"]
[WhiteTeam "LSV Turm Lippstadt 1"]
[BlackTeam "SVG Plettenberg 1"]

1. c4 e6 2. Nf3 d5 3. b3 Nf6 4. Bb2 Be7 5. e3 O-O 6. Be2 c5 7. O-O Nc6 8. Na3
b6 9. Nc2 Bb7 10. d3 dxc4 11. bxc4 Qc7 12. Qc1 Rfd8 13. Bc3 e5 14. Qb2 Bd6 15.
h3 Re8 16. Rab1 Qe7 17. Nd2 Rad8 18. Rfd1 Ba8 19. Bf3 Bc7 20. Ne4 Nxe4 21. Bxe4
Qg5 $11 22. Ne1 f6 23. Bd5+ Kh8 24. Qb5 Ne7 25. Bxa8 Rxa8 26. a4 Qf5 27. a5 Qe6
28. axb6 axb6 29. Ra1 Qc6 30. Qb2 Nf5 31. Qc2 g6 32. Nf3 Kg7 33. Nd2 Nh4 34. f3
Nf5 35. Kf2 Rxa1 36. Rxa1 Ra8 37. Rxa8 Qxa8 38. g4 Ne7 39. Ne4 Qc6 40. Qb2 Qe6
41. f4 Nc6 42. Kf3 h6 43. Qa1 Kf7 44. Qa8 f5 45. gxf5 gxf5 46. Ng3 exf4 47.
exf4 Qd6 48. Nxf5 Qxf4+ 49. Ke2 Qxf5 50. Qxc6 Qe6+ 51. Qxe6+ Kxe6 52. Bd2 h5
53. Bh6 Bd8 54. Ke3 Kf5 55. Kf3 Bc7 56. Bf8 Ke5 57. Bg7+ Kf5 58. Bh6 Bb8 59.
Bf8 Ke5 60. Ke3 Bc7 61. Be7 Ke6 62. Bh4 Kf5 63. d4 cxd4+ 64. Kxd4 Kf4 65. Kd5
Kf3 66. Kc6 Bb8 67. Bd8 Kg3 68. h4 Kg4 69. Kxb6 Bg3 70. c5 Bxh4 71. Bxh4 Kxh4
72. c6 Kg3 73. c7 h4 74. c8=Q h3 75. Qc6 h2 76. Qh1 1-0

[Event "SG Ennepe-Ruhr-Süd 1 - SV Kamen 1"]
[Site "NRW-Klasse. Gruppe 2 2017/201"]
[Date "2018.04.29"]
[Round "9.1"]
[White "Weidemann, Christian"]
[Black "Lupor, Stefan"]
[Result "1-0"]
[WhiteElo "2278"]
[BlackElo "2216"]
[PlyCount "109"]
[EventDate "2018.??.??"]
[WhiteTeam "SV Kamen 1"]
[BlackTeam "SG Ennepe-Ruhr-Süd 1"]

1. e4 e6 2. Nf3 d5 3. exd5 exd5 4. d4 Bd6 5. c4 Nf6 6. Nc3 O-O 7. cxd5 Nbd7 8.
Bd3 Re8+ 9. Be3 Ng4 10. O-O Rxe3 11. fxe3 Nxe3 12. Bxh7+ Kf8 13. Qd3 Nxf1 14.
Rxf1 Nf6 15. Re1 Bd7 16. Ne5 Be8 17. Qh3 Bb4 18. Bd3 Kg8 19. Ng4 g6 20. Re5
Nxg4 21. Qxg4 Bd6 22. Ne4 Kg7 23. Nxd6 cxd6 24. Re2 Rc8 25. h4 Bd7 26. Qf4 Qf6
27. Qxf6+ Kxf6 28. Kf2 Rc1 29. Rc2 Rd1 30. Be2 Rxd4 31. Rc7 Be8 32. Rxb7 a5 33.
Bf3 Rxh4 34. Ke3 g5 35. b3 Rh2 36. a3 g4 37. Be4 Rh1 38. Kf4 Ra1 39. a4 Re1 40.
Ra7 Re2 41. Rxa5 Rf2+ 42. Kxg4 Bd7+ 43. Kg3 Rb2 44. Ra7 Rxb3+ 45. Kf4 Bc8 46.
g4 Rb4 47. g5+ Kg7 48. a5 Bh3 49. g6 Bg2 50. Rxf7+ Kg8 51. Re7 Ra4 52. Kf5
Bxe4+ 53. Rxe4 Rxa5 54. Kf6 Ra8 55. g7 1-0

[Event "SG Ennepe-Ruhr-Süd 1 - SV Kamen 1"]
[Site "NRW-Klasse. Gruppe 2 2017/201"]
[Date "2018.04.29"]
[Round "9.2"]
[White "Lupor, André"]
[Black "Himmel, Hansjoerg"]
[Result "1-0"]
[WhiteElo "2198"]
[BlackElo "2222"]
[PlyCount "109"]
[EventDate "2018.??.??"]
[WhiteTeam "SG Ennepe-Ruhr-Süd 1"]
[BlackTeam "SV Kamen 1"]

1. d4 Nf6 2. c4 e6 3. Nc3 Bb4 4. Qc2 c5 5. dxc5 Qc7 6. a3 Bxc5 7. Nf3 a6 8. Bg5
Be7 9. e4 d6 10. Be2 Nbd7 11. O-O b6 12. Rac1 Bb7 13. b4 O-O 14. Nd2 Rfe8 15.
Be3 Rac8 16. Qb1 Qb8 17. f4 Bd8 18. Bf3 Bc7 19. Kh1 Nf8 20. g3 Rcd8 21. Bg1 Qa8
22. Qd3 d5 23. cxd5 exd5 24. e5 Ne4 25. Na4 Bc6 26. Qc2 Nxd2 27. Qxd2 Qb7 28.
Nb2 Bb8 29. Qg2 Ne6 30. Rfd1 Qd7 31. Nc4 b5 32. Nb6 Qb7 33. Nxd5 Bxd5 34. Bxd5
Qe7 35. Qa2 h6 36. Bf2 Rd7 37. Bc6 Rxd1+ 38. Rxd1 Rc8 39. Be4 Ba7 40. Bxa7 Qxa7
41. Qd2 Qc7 42. Qe3 Qc4 43. Bd5 Qc2 44. Qb3 Qxb3 45. Bxb3 Rc3 46. Bxe6 fxe6 47.
Rd6 Rxa3 48. Rxe6 Ra4 49. Kg2 Kf7 50. f5 h5 51. Kf3 g5 52. Rb6 Rxb4 53. Rxa6
Rb2 54. Ra7+ Ke8 55. Ke4 1-0

[Event "SG Ennepe-Ruhr-Süd 1 - SV Kamen 1"]
[Site "NRW-Klasse. Gruppe 2 2017/201"]
[Date "2018.04.29"]
[Round "9.3"]
[White "Luetke, Jens"]
[Black "Arndt, Stefan"]
[Result "1-0"]
[WhiteElo "2183"]
[BlackElo "2145"]
[PlyCount "81"]
[EventDate "2018.??.??"]
[WhiteTeam "SV Kamen 1"]
[BlackTeam "SG Ennepe-Ruhr-Süd 1"]

1. Nf3 Nf6 2. d4 c5 3. e3 g6 4. Bd3 Bg7 5. O-O O-O 6. b3 d5 7. Bb2 b6 8. Qe2
Bb7 9. Ne5 Nbd7 10. f4 e6 11. Nd2 Ne4 12. Ndf3 f6 13. Nxd7 Qxd7 14. c4 Rfe8 15.
Rfd1 Qf7 16. Rac1 Bf8 17. Qc2 Rac8 18. Qe2 h6 19. Qe1 g5 20. cxd5 exd5 21. fxg5
hxg5 22. Nd2 Nxd2 23. Qxd2 Qe6 24. Re1 c4 25. Bg6 Re7 26. Qf2 Qd6 27. Bf5 Rcc7
28. bxc4 Rxc4 29. Rxc4 dxc4 30. Qc2 b5 31. e4 Bg7 32. Qc3 Rc7 33. Ba3 Qa6 34.
Qh3 Bh8 35. Rf1 Bc8 36. Bc5 Bxf5 37. Qxf5 Qc8 38. Qd5+ Kh7 39. Rf3 Qd7 40. Rh3+
Kg7 41. Bf8+ 1-0

[Event "SG Ennepe-Ruhr-Süd 1 - SV Kamen 1"]
[Site "NRW-Klasse. Gruppe 2 2017/201"]
[Date "2018.04.29"]
[Round "9.4"]
[White "Tripolsky, Eugen"]
[Black "Kilian, Ralf"]
[Result "1-0"]
[WhiteElo "2214"]
[BlackElo "2091"]
[PlyCount "85"]
[EventDate "2018.??.??"]
[WhiteTeam "SG Ennepe-Ruhr-Süd 1"]
[BlackTeam "SV Kamen 1"]

1. d4 d5 2. c4 e6 3. Nc3 c5 4. cxd5 cxd4 5. Qxd4 Nc6 6. Qd1 exd5 7. Qxd5 Bd7 8.
e3 Nf6 9. Qd1 Bc5 10. Nf3 Qe7 11. Be2 O-O-O 12. O-O g5 13. b4 g4 14. bxc5 gxf3
15. Bxf3 Ne5 16. Qe2 Rhg8 17. g3 Nxf3+ 18. Qxf3 Qe5 19. Rb1 Bc6 20. e4 Nxe4 21.
Nxe4 Bxe4 22. Bf4 Qf5 23. Qe3 Bxb1 24. c6 bxc6 25. Qxa7 Qxf4 26. Rxb1 Qc7 27.
Qa6+ Kd7 28. Rb7 Rc8 29. Qd3+ Ke7 30. Qe4+ Kf8 31. Rxc7 Rxc7 32. Qxh7 c5 33.
Qd3 Ke7 34. Qe4+ Kd7 35. Qc4 Kc8 36. h4 Rd8 37. h5 Rd4 38. Qa6+ Kb8 39. h6 Rd1+
40. Kg2 c4 41. Qb5+ Kc8 42. Qe8+ Rd8 43. Qxd8+ 1-0

[Event "SG Ennepe-Ruhr-Süd 1 - SV Kamen 1"]
[Site "NRW-Klasse. Gruppe 2 2017/201"]
[Date "2018.04.29"]
[Round "9.5"]
[White "Georg, Felix"]
[Black "Osswald, Luis Monty"]
[Result "1-0"]
[WhiteElo "2008"]
[BlackElo "2050"]
[PlyCount "55"]
[EventDate "2018.??.??"]
[WhiteTeam "SV Kamen 1"]
[BlackTeam "SG Ennepe-Ruhr-Süd 1"]

1. Nf3 c5 2. g3 b6 3. Bg2 Bb7 4. O-O a6 5. d3 d6 6. e4 Nd7 7. Nc3 e6 8. d4 cxd4
9. Nxd4 b5 10. a3 h5 11. h3 h4 12. g4 g5 13. Be3 Ne5 14. b3 Bh6 15. Qd2 Qf6 16.
a4 bxa4 17. Nxa4 Rd8 18. Qb4 Qe7 19. Nf3 f6 20. Rfd1 Ba8 21. Nb6 Bc6 22. Nxe5
fxe5 23. Nc4 d5 24. Bc5 Qc7 25. Nd6+ Kd7 26. exd5 exd5 27. Bxd5 Ne7 28. Bf7 1-0

[Event "SG Ennepe-Ruhr-Süd 1 - SV Kamen 1"]
[Site "NRW-Klasse. Gruppe 2 2017/201"]
[Date "2018.04.29"]
[Round "9.6"]
[White "Heller, Achim"]
[Black "Kleinegger, Frank"]
[Result "0-1"]
[WhiteElo "2079"]
[BlackElo "2075"]
[Annotator "Daniel"]
[PlyCount "144"]
[EventDate "2018.??.??"]
[WhiteTeam "SG Ennepe-Ruhr-Süd 1"]
[BlackTeam "SV Kamen 1"]

1. d4 d6 2. c4 e5 3. Nc3 exd4 4. Qxd4 Nf6 5. Bg5 Be7 6. Nf3 Nc6 7. Qd2 Be6 8.
e4 h6 9. Be3 Ne5 10. Nxe5 dxe5 11. Rd1 Qxd2+ 12. Bxd2 c6 13. Bd3 O-O 14. Ke2
Rfd8 15. f3 Nd7 16. b3 Nc5 17. Be3 a5 18. Bc2 f6 19. Rxd8+ Rxd8 20. Rd1 Ra8 21.
g3 Kf8 22. h4 Ke8 23. a4 Rd8 24. Rxd8+ Kxd8 25. h5 Kc7 26. g4 Na6 27. Bd1 Bc5
28. Bxc5 Nxc5 29. Kd2 Bd7 30. Kc2 Ne6 31. Kd3 Kd6 32. Na2 Nd4 33. Kc3 Be6 34.
Nc1 Bd7 35. Nd3 Ne6 36. Be2 b6 37. Nb2 Be8 38. Nd3 g6 39. hxg6 Bxg6 40. Bd1 h5
41. gxh5 Bxh5 42. Kd2 Nd4 43. Ne1 Ne6 44. Nd3 Be8 45. Kc3 Bd7 46. Be2 Nd4 47.
Bd1 Bh3 48. f4 Bg2 49. fxe5+ fxe5 50. Nf2 $11 Ne6 51. Be2 Nc5 52. Bd3 Bf3 53.
Bc2 Ke6 54. Kd2 Kf6 55. Ke3 Bh5 56. Nh3 Bg4 57. Nf2 Kg5 58. Nh1 Ne6 59. Nf2 Nd4
60. Kd2 Bf3 61. Kc3 Kf4 62. Nd3+ Kxe4 63. Bb1 Ne2+ 64. Kd2 Kd4 65. c5 bxc5 66.
Nb2 Nc3 67. Bd3 Bd5 68. Nc4 Bxc4 69. Bxc4 Nxa4 70. Be2 Nb6 71. Bh5 c4 72. bxc4
Nxc4+ 0-1

[Event "SG Ennepe-Ruhr-Süd 1 - SV Kamen 1"]
[Site "NRW-Klasse. Gruppe 2 2017/201"]
[Date "2018.04.29"]
[Round "9.7"]
[White "Seepe, Udo"]
[Black "Bruchmann, Norbert"]
[Result "1/2-1/2"]
[WhiteElo "2067"]
[BlackElo "2081"]
[PlyCount "37"]
[EventDate "2018.??.??"]
[WhiteTeam "SV Kamen 1"]
[BlackTeam "SG Ennepe-Ruhr-Süd 1"]

1. Nf3 c5 2. c4 Nc6 3. d4 cxd4 4. Nxd4 g6 5. Nc3 Bg7 6. Nb3 Nf6 7. c5 b6 8.
cxb6 axb6 9. e4 O-O 10. Be2 d6 11. O-O Bb7 12. Be3 Nd7 13. Nd4 Nxd4 14. Bxd4
Nc5 15. Bxg7 Kxg7 16. b4 Nd7 17. Qd2 Nf6 18. Bf3 Qb8 19. a4 1/2-1/2

[Event "SG Ennepe-Ruhr-Süd 1 - SV Kamen 1"]
[Site "NRW-Klasse. Gruppe 2 2017/201"]
[Date "2018.04.29"]
[Round "9.8"]
[White "Schaefer, Martin"]
[Black "Georg, Heinz"]
[Result "1-0"]
[WhiteElo "1957"]
[BlackElo "2067"]
[PlyCount "73"]
[EventDate "2018.??.??"]
[WhiteTeam "SG Ennepe-Ruhr-Süd 1"]
[BlackTeam "SV Kamen 1"]

1. d4 f5 2. Bg5 h6 3. Bh4 g5 4. e3 Nf6 5. Bg3 d6 6. h4 Bg7 7. hxg5 hxg5 8.
Rxh8+ Bxh8 9. Nh3 g4 10. Nf4 e6 11. Nc3 Bd7 12. Bc4 d5 13. Bb5 c6 14. Be2 Kf7
15. a4 a5 16. f3 Qg8 17. Kf2 Na6 18. Bxa6 Rxa6 19. Qh1 Ra8 20. Nce2 b6 21. Nd3
Ke7 22. Bc7 Ra6 23. Qh4 Be8 24. Qh2 Bd7 25. Qd6+ Ke8 26. Rh1 Bg7 27. Qa3 c5 28.
dxc5 bxc5 29. Nxc5 Bf8 30. Qc3 Rc6 31. Qxf6 Rxc7 32. Rh8 Qf7 33. Qxf7+ Kxf7 34.
Rh7+ Bg7 35. Nxd7 Rxd7 36. fxg4 fxg4 37. Nd4 1-0

[Event "SV Letmathe 1 - SG Bochum 2"]
[Site "NRW-Klasse. Gruppe 2 2017/201"]
[Date "2018.04.29"]
[Round "9.1"]
[White "Tkachuk, Konstantyn"]
[Black "Podzielny, Karl-Heinz"]
[Result "1/2-1/2"]
[WhiteElo "2261"]
[BlackElo "2366"]
[Annotator "Daniel"]
[PlyCount "107"]
[EventDate "2018.??.??"]
[WhiteTeam "SG Bochum 2"]
[BlackTeam "SV Letmathe 1"]

1. e4 c5 2. Nf3 e6 3. d4 cxd4 4. Nxd4 a6 5. c4 Nf6 6. Nc3 Qc7 7. Bd3 g6 8. Be3
Bg7 9. f3 d6 10. Qd2 Nbd7 11. Rc1 Ne5 12. O-O O-O 13. b3 $11 b6 14. Bb1 Bb7 15.
Rfd1 Rad8 16. Qf2 h6 17. h3 Rfe8 18. Na4 Ned7 19. b4 Qb8 20. Nb3 b5 21. cxb5
axb5 22. Ba7 Qa8 23. Nc3 Bc6 24. Bd3 d5 25. exd5 Nxd5 26. Nxd5 Bxd5 27. Bxb5
Qb7 28. Bxd7 Rxd7 29. Bc5 e5 30. Na5 Qb5 31. Qc2 e4 32. a4 Qb8 33. fxe4 Bxe4
34. Qf2 Red8 35. Rxd7 Rxd7 36. Nc4 Qd8 37. Qe2 Bd3 38. Qe3 Bxc4 39. Rxc4 Rd1+
40. Kh2 Qb8+ 41. g3 Qa8 42. Qe4 Rd2+ 43. Kh1 Qxa4 44. Rc1 Qd7 45. Kg1 Qxh3 46.
Bf2 Qd7 47. Qc6 Bd4 48. Qxd7 Bxf2+ 49. Kg2 Rxd7 50. Kxf2 Rd2+ 51. Kf3 Rb2 52.
Rc8+ Kg7 53. Rb8 Kf6 54. Rb5 1/2-1/2

[Event "SV Letmathe 1 - SG Bochum 2"]
[Site "NRW-Klasse. Gruppe 2 2017/201"]
[Date "2018.04.29"]
[Round "9.5"]
[White "Rempe, Moritz"]
[Black "Gruermann, Martin"]
[Result "1/2-1/2"]
[WhiteElo "2004"]
[BlackElo "2207"]
[Annotator "Daniel"]
[PlyCount "115"]
[EventDate "2018.??.??"]
[WhiteTeam "SG Bochum 2"]
[BlackTeam "SV Letmathe 1"]

1. e4 c5 2. Nf3 Nf6 3. d3 Nc6 4. g3 g6 5. Bg2 Bg7 6. O-O O-O 7. Nbd2 d5 8. Ng5
h6 9. exd5 Nxd5 10. Nge4 b6 11. Nc4 Bb7 12. h4 f5 13. Ned6 exd6 14. Bxd5+ Kh7
15. c3 b5 16. Qb3 Nd4 17. cxd4 Bxd5 18. Qxb5 Bxd4 19. Qa6 f4 20. Qxd6 Qxd6 21.
Nxd6 fxg3 22. Be3 gxf2+ 23. Bxf2 Rxf2 24. Rxf2 Rf8 25. Raf1 Rf3 26. Ne4 Kg7 27.
Kh2 Bxf2 28. Nxf2 Kf7 29. b3 g5 30. hxg5 hxg5 31. Kg1 Rg3+ 32. Kh2 Rg2+ 33. Kh3
Kg6 34. Ne4 Bxe4 35. dxe4 Rxa2 36. Rc1 Ra5 37. Kg4 Rb5 38. Rc3 Kf6 39. Kf3 Ke5
40. Ke3 Kd6 41. Rd3+ Kc6 42. e5 Rb4 43. Rd6+ Kc7 44. Rd5 Rxb3+ 45. Ke4 g4 46.
Rxc5+ Kd8 47. Ra5 Rb7 48. Kf4 Rg7 49. Kg3 $11 Kc8 50. Ra6 Kb7 51. Rf6 Rg5 52.
e6 a5 53. Kf4 Rg8 54. e7 Re8 55. Re6 Kc7 56. Kxg4 Kd7 57. Ra6 Rxe7 58. Rxa5
1/2-1/2